SciFi Movies by Picture Quiz Stats

Quiz not verified by Sporcle

Challenge
Share
Tweet
Score 0/30 Timer 05:00
0 Plays Today
% Correct
Alien
98.6%
Back to the Future
98.3%
Men in Black
94.2%
Star Wars
93%
E.T. the Extra-Terrestrial
92.4%
Planet of the Apes
91.2%
Avatar
90.5%
Jurassic Park
89.8%
The Matrix
88.9%
Wall-E
87.8%
District 9
83.5%
Godzilla
83.1%
War of the Worlds
81%
Robocop
79.2%
Terminator 2: Judgement Day
79%
% Correct
Inception
78.4%
A Clockwork Orange
76.1%
Donnie Darko
73%
Starship Troopers
71.9%
The Iron Giant
69.2%
Blade Runner
67.1%
Minority Report
65.6%
Prometheus
65.1%
Children of Men
60.9%
Close Encounters of the Third Kind
59.3%
The Fly
55.7%
Metropolis
54.3%
2012
54.1%
Splice
40.3%
Them!
33.3%

You're not logged in!

Compare scores with friends on all Sporcle quizzes.
Sign Up with Email
OR
Log In

You Might Also Like...

Show Comments

Extras

Top Quizzes Today


Score Distribution

Your Account Isn't Verified!

In order to create a playlist on Sporcle, you need to verify the email address you used during registration. Go to your Sporcle Settings to finish the process.